[Event "Muensterland Verbandsliga 1516"]
[Site "Germany"]
[Date "2015.12.12"]
[Round "4.6"]
[White "Hundehege, Tobias"]
[Black "Fehlings, Gerd"]
[Result "0-1"]
[WhiteElo "1753"]
[BlackElo "1735"]
[PlyCount "82"]
[EventDate "2015.09.12"]
[EventType "team"]
[EventRounds "9"]
[EventCountry "GER"]
[SourceTitle "EXT 2017"]
[Source "ChessBase"]
[SourceDate "2016.10.25"]
[SourceVersion "1"]
[SourceVersionDate "2016.10.25"]
[SourceQuality "1"]
[WhiteTeam "Muenster SK V"]
[BlackTeam "Emsdetten Rochade II"]
[WhiteTeamCountry "GER"]
[BlackTeamCountry "GER"]

1. e4 e6 2. d4 d5 3. Nd2 c5 4. exd5 Qxd5 5. dxc5 Bxc5 6. Ngf3 Nc6 7. Bc4 Qd6 8. 0-0 Nf6 9. Nb3 Qxd1 10. Rxd1 Be7 11. Bb5 Bd7 12. Bg5 Rd8 13. Rd3 Nb4 14. Bxd7+ Rxd7 15. Rxd7 Nxd7 16. c3 Bxg5 17. Nxg5 Nc6 18. Rd1 Nd8 19. g3 f6 20. Ne4 Nf7 21. Nbc5 Nxc5 22. Nxc5 Nd8 23. Rd7 b6 24. Rxg7 bxc5 25. Rxa7 0-0 26. Rc7 Nf7 27. Rxc5 Ne5 28. Ra5 Rd8 29. b3 Rd1+ 30. Kg2 Rd2 31. c4 Ng4 32. Kf3 f5 33. Kg2 Rxf2+ 34. Kg1 Rxh2 35. c5 Rc2 36. b4 e5 37. Ra6 e4 38. c6 e3 39. c7 Kf7 40. Ra7 Kf6 41. Ra8 Rxc7 0-1

[Event "Muensterland Verbandsliga 1516"]
[Site "Germany"]
[Date "2015.11.21"]
[Round "3.6"]
[White "Rickert, Berthold"]
[Black "Hundehege, Tobias"]
[Result "1/2-1/2"]
[WhiteElo "1803"]
[BlackElo "1753"]
[PlyCount "133"]
[EventDate "2015.09.12"]
[EventType "team"]
[EventRounds "9"]
[EventCountry "GER"]
[SourceTitle "EXT 2017"]
[Source "ChessBase"]
[SourceDate "2016.10.25"]
[SourceVersion "1"]
[SourceVersionDate "2016.10.25"]
[SourceQuality "1"]
[WhiteTeam "Borken"]
[BlackTeam "Muenster SK V"]
[WhiteTeamCountry "GER"]
[BlackTeamCountry "GER"]

1. c4 c5 2. Nc3 Nf6 3. g3 g6 4. Bg2 Bg7 5. Nf3 Nc6 6. 0-0 0-0 7. e3 d6 8. d4 Bf5 9. Re1 cxd4 10. Nxd4 Qc8 11. Nxf5 Qxf5 12. e4 Qc5 13. Bf1 Ne5 14. Qe2 Rfc8 15. Be3 Qc6 16. Nd5 Nxd5 17. cxd5 Qa4 18. Bg5 Kf8 19. b3 Qa3 20. Rac1 a5 21. Bh3 Rc5 22. Be3 Rxc1 23. Rxc1 Qb4 24. f4 Qxe4 25. fxe5 Qxe5 26. Qd2 f5 27. Bf4 Qd4+ 28. Qxd4 Bxd4+ 29. Kf1 b6 30. Ke2 Kf7 31. Rc7 Kf6 32. Be3 Bc5 33. Bxc5 bxc5 34. Rb7 h6 35. Kd3 g5 36. Ke3 a4 37. a3 axb3 38. Rxb3 Ke5 39. Bg2 f4+ 40. gxf4+ gxf4+ 41. Kf2 Ra4 42. Rh3 c4 43. Ke2 Kd4 44. Kd2 f3 45. Bxf3 Rxa3 46. Rh4+ Kc5 47. Be2 c3+ 48. Ke1 Kxd5 49. Bc4+ Kc5 50. Be6 d5 51. Kd1 Ra6 52. Bf7 Rf6 53. Bg8 e5 54. Bh7 d4 55. Rh5 Kd6 56. Ke2 Kd5 57. Bg8+ Ke4 58. Bh7+ Kf4 59. h3 Rf7 60. Bd3 Kg3 61. Rxe5 Rf2+ 62. Ke1 Rd2 63. Bh7 Kxh3 64. Rh5+ Kg3 65. Rxh6 Kf3 66. Rf6+ Kg3 67. Re6 1/2-1/2

[Event "Dortmund Sparkassen op-B"]
[Site "Dortmund"]
[Date "2014.07.14"]
[Round "3"]
[White "Lust, Nikolaus"]
[Black "Hundehege, Tobias"]
[Result "0-1"]
[WhiteElo "1546"]
[BlackElo "1689"]
[PlyCount "44"]
[EventDate "2014.07.12"]
[EventType "swiss"]
[EventRounds "9"]
[EventCountry "GER"]
[SourceTitle "EXT 2022"]
[Source "ChessBase"]
[SourceDate "2021.10.06"]
[SourceVersion "1"]
[SourceVersionDate "2021.10.06"]
[SourceQuality "1"]

1. c4 e5 2. g3 Nc6 3. Bg2 f5 4. e3 Nf6 5. f4 Nb4 6. d3 e4 7. dxe4 fxe4 8. Bf1 d5 9. a3 Bg4 10. Qd2 Nd3+ 11. Bxd3 exd3 12. Qxd3 dxc4 13. Qxd8+ Rxd8 14. Nc3 Bc5 15. Nge2 Rd3 16. Kf2 0-0 17. Re1 Re8 18. Nd4 Bxd4 19. exd4 Rf3+ 20. Kg2 Rxe1 21. h3 Rff1 22. hxg4 Rxc1 0-1

[Event "Dortmund Sparkassen op-B"]
[Site "Dortmund"]
[Date "2014.07.13"]
[Round "2"]
[White "Hundehege, Tobias"]
[Black "Schirmer, Michael"]
[Result "1-0"]
[WhiteElo "1689"]
[BlackElo "1445"]
[PlyCount "113"]
[EventDate "2014.07.12"]
[EventType "swiss"]
[EventRounds "9"]
[EventCountry "GER"]
[SourceTitle "EXT 2022"]
[Source "ChessBase"]
[SourceDate "2021.10.06"]
[SourceVersion "1"]
[SourceVersionDate "2021.10.06"]
[SourceQuality "1"]

1. e4 Nf6 2. Nc3 d5 3. e5 d4 4. exf6 dxc3 5. bxc3 exf6 6. Nf3 Bd6 7. Be2 0-0 8. 0-0 c5 9. d4 Nc6 10. Ba3 Qa5 11. Bb2 cxd4 12. cxd4 Ba3 13. Bxa3 Qxa3 14. Qd2 Rd8 15. c3 Be6 16. Qc2 Rac8 17. Rfd1 Nb4 18. Qe4 Bd5 19. Qe7 Bxf3 20. Bxf3 Qxc3 21. Qxb7 Rc7 22. Qe4 Qc2 23. Qxc2 Rxc2 24. a3 Nc6 25. Rab1 g6 26. d5 Ne5 27. Be4 Rc3 28. f4 Nc4 29. a4 f5 30. Bf3 Ne3 31. Rd4 Nc2 32. Rd2 Ne3 33. Rb7 Nc4 34. Rd4 Rc1+ 35. Kf2 Rc2+ 36. Kg3 Nd2 37. Rxa7 Nxf3 38. Kxf3 Rc3+ 39. Kf2 Rc2+ 40. Kg3 Rc3+ 41. Kh4 Rc2 42. Kh3 h6 43. d6 g5 44. fxg5 hxg5 45. Rd3 Kg7 46. d7 Rc4 47. Kg3 Rg4+ 48. Kf2 f6 49. a5 Ra4 50. a6 Kg6 51. Rc7 Rxa6 52. Rc8 Ra2+ 53. Kf3 g4+ 54. Kg3 f4+ 55. Kxg4 Rxg2+ 56. Kxf4 Rf2+ 57. Kg3 1-0

[Event "Muensterland Verbandsklasse 1314"]
[Site "Germany"]
[Date "2013.09.21"]
[Round "1.7"]
[White "Hundehege, Tobias"]
[Black "Miemietz, Carsten"]
[Result "1/2-1/2"]
[WhiteElo "1677"]
[BlackElo "1674"]
[PlyCount "120"]
[EventDate "2013.09.21"]
[EventType "team-tourn"]
[EventRounds "9"]
[EventCountry "GER"]
[SourceTitle "EXT 2015"]
[Source "ChessBase"]
[SourceDate "2014.11.20"]
[SourceVersion "1"]
[SourceVersionDate "2014.11.20"]
[SourceQuality "1"]
[WhiteTeam "Muenster SK V"]
[BlackTeam "Muenster SK IV"]
[WhiteTeamCountry "GER"]
[BlackTeamCountry "GER"]

1. e4 c5 2. Nf3 Nc6 3. d4 cxd4 4. Nxd4 e6 5. Nc3 a6 6. Bc4 Nf6 7. Be3 Bb4 8. f3 d5 9. exd5 Nxd5 10. Bxd5 Bxc3+ 11. bxc3 Qxd5 12. 0-0 0-0 13. Nxc6 Qxc6 14. Qd4 b5 15. Rfd1 Bb7 16. Rd3 Rfe8 17. Rad1 Rac8 18. Qg4 e5 19. Rd6 Qc4 20. Qg3 Kf8 21. Qh3 Kg8 22. Qf5 f6 23. h4 Qxc3 24. Bb6 Qxc2 25. Qxc2 Rxc2 26. Rd7 Bc8 27. Rd8 Rxd8 28. Rxd8+ Kf7 29. a3 h5 30. Ba5 Rc4 31. Bb4 Kg6 32. g3 Bb7 33. Kf2 Rc2+ 34. Rd2 Rc6 35. Ke3 Bc8 36. Rd8 Be6 37. Rd6 Rxd6 38. Bxd6 a5 39. f4 Kf5 40. fxe5 fxe5 41. Kf3 g6 42. Ke3 Bc4 43. Kf3 Ke6 44. Bf8 Kd5 45. Ke3 Bf1 46. Kf2 Bh3 47. Ke3 Bf5 48. Be7 Kc4 49. Bd6 Kb3 50. Kd2 Kb2 51. Bc5 Be6 52. Bd6 Bd5 53. Bc5 b4 54. axb4 a4 55. Bd6 a3 56. Bxe5+ Kb1 57. Ke3 a2 58. Kf4 Bc4 59. g4 a1Q 60. Bxa1 Kxa1 1/2-1/2